[Event "4NCL/Div3/NWE2 vs. SWD2"]
[Site "Wokefield Park ENG"]
[Date "2007.05.07"]
[Round "11.1"]
[White "Coates, Kenneth G"]
[Black "Kett, Timothy"]
[Result "1/2-1/2"]
[WhiteElo "2230"]
[BlackElo "2243"]
[PlyCount "91"]
[EventDate "2007.05.07"]
[EventType "team"]
[EventRounds "11"]
[EventCountry "ENG"]
[WhiteTeam "N W Eagles 2"]
[BlackTeam "S W Dragons 2"]

1. e4 e5 2. Nf3 Nc6 3. Bb5 Nge7 4. d4 exd4 5. Nxd4 g6 6. Nc3 Bg7 7. Be3 O-O 8.
Qd2 a6 9. Be2 d5 10. Nxc6 bxc6 11. O-O-O Be6 12. Bd4 Qd6 13. Bxg7 Kxg7 14. Qd4+
f6 15. Na4 Rab8 16. Nc5 a5 17. a3 Rb6 18. Rd2 Rfb8 19. c3 Bf7 20. g3 dxe4 21.
Qxd6 cxd6 22. Nd7 d5 23. Nxb6 Rxb6 24. Rd4 c5 25. Rd2 f5 26. h4 Kf6 27. Kc2 h6
28. Rb1 Nc6 29. b4 axb4 30. axb4 cxb4 31. cxb4 Rxb4 32. Rxb4 Nxb4+ 33. Kc3 Nc6
34. Bb5 d4+ 35. Kb2 e3 36. fxe3 Na7 37. Ba6 dxe3 38. Re2 Nc6 39. Rxe3 g5 40.
Rd3 Ke5 41. hxg5 hxg5 42. Kc3 f4 43. Bb7 Ne7 44. gxf4+ gxf4 45. Rd7 Nd5+ 46.
Bxd5 1/2-1/2

[Event "4NCL/Div3/NWE2 vs. SWD2"]
[Site "Wokefield Park ENG"]
[Date "2007.05.07"]
[Round "11.2"]
[White "James, David J"]
[Black "Charleshouse, Glenn L"]
[Result "1-0"]
[WhiteElo "2217"]
[BlackElo "2244"]
[PlyCount "74"]
[EventDate "2007.05.07"]
[EventType "team"]
[EventRounds "11"]
[EventCountry "ENG"]
[WhiteTeam "S W Dragons 2"]
[BlackTeam "N W Eagles 2"]

1. Nf3 Nf6 2. c4 b6 3. g3 e6 4. Bg2 Bb7 5. Nc3 c5 6. O-O Be7 7. Re1 O-O 8. e4
d6 9. d4 cxd4 10. Nxd4 Qc7 11. Be3 a6 12. Rc1 Nbd7 13. f4 Rfd8 14. Nd5 exd5 15.
cxd5 Nc5 16. b4 Bf8 17. bxc5 bxc5 18. Qa4 Re8 19. Bf2 Ng4 20. Nb3 Nxf2 21. Kxf2
a5 22. Nd2 Ba6 23. Bf1 Reb8 24. Bxa6 Rb4 25. Qc2 Rxa6 26. Nc4 Qd7 27. a3 Rb8
28. Rb1 Re8 29. a4 g6 30. Rb5 Bg7 31. Qb1 Qh3 32. Kg1 Bd4+ 33. Kh1 Qg4 34. Kg2
h5 35. Rb8 Ra8 36. Rxa8 Rxa8 37. h3 Qd7 1-0

[Event "4NCL/Div3/NWE2 vs. SWD2"]
[Site "Wokefield Park ENG"]
[Date "2007.05.07"]
[Round "11.3"]
[White "Hulmes, David I"]
[Black "Zeidler, Sven P"]
[Result "0-1"]
[WhiteElo "2216"]
[BlackElo "2213"]
[PlyCount "106"]
[EventDate "2007.05.07"]
[EventType "team"]
[EventRounds "11"]
[EventCountry "ENG"]
[WhiteTeam "N W Eagles 2"]
[BlackTeam "S W Dragons 2"]

1. e4 d5 2. exd5 Qxd5 3. Nc3 Qd6 4. d4 Nf6 5. Nf3 a6 6. Bd3 Bg4 7. Ne4 Nxe4 8.
Bxe4 c6 9. c3 Nd7 10. Qb3 Qe6 11. Qxe6 Bxe6 12. O-O Bd5 13. Re1 Nf6 14. Bc2
Bxf3 15. gxf3 e6 16. f4 g6 17. f5 gxf5 18. Bxf5 O-O-O 19. Bc2 Bd6 20. h3 Rdg8+
21. Kh1 h5 22. Rg1 Rxg1+ 23. Kxg1 Rg8+ 24. Kh1 h4 25. Be3 Nd5 26. Rg1 Rxg1+ 27.
Kxg1 Bf4 28. Bxf4 Nxf4 29. Kh2 a5 30. Bb1 Kd7 31. Be4 Kd6 32. f3 b6 33. Bc2 c5
34. dxc5+ Kxc5 35. Ba4 b5 36. Bc2 a4 37. Be4 f5 38. Bb7 Nd3 39. Bc8 Nxb2 40.
Bxe6 f4 41. Kg2 Nd1 42. Kf1 Nxc3 43. Ke1 b4 44. Kd2 Kd4 45. Bd7 b3 46. axb3
axb3 47. Kc1 Ke3 48. Kb2 Ne2 49. Kxb3 Nd4+ 50. Kc4 Nxf3 51. Kd5 Ng1 52. Ke5 f3
53. Kf5 f2 0-1

[Event "4NCL/Div3/NWE2 vs. SWD2"]
[Site "Wokefield Park ENG"]
[Date "2007.05.07"]
[Round "11.4"]
[White "Roberts, David L"]
[Black "Hughes, Howard R"]
[Result "0-1"]
[WhiteElo "2139"]
[BlackElo "2199"]
[PlyCount "160"]
[EventDate "2007.05.07"]
[EventType "team"]
[EventRounds "11"]
[EventCountry "ENG"]
[WhiteTeam "S W Dragons 2"]
[BlackTeam "N W Eagles 2"]

1. e4 d5 2. exd5 Qxd5 3. Nf3 Bg4 4. Be2 Nc6 5. Nc3 Qd7 6. h3 Bh5 7. O-O Nf6 8.
Ne5 Nxe5 9. Bxh5 Nxh5 10. Qxh5 Nc6 11. d3 g6 12. Qf3 Bg7 13. Be3 O-O 14. Rfe1
Rad8 15. Rab1 b6 16. Qe4 f5 17. Qc4+ Kh8 18. Bg5 Bf6 19. Bxf6+ Rxf6 20. f4 Kg7
21. Rbd1 Nd4 22. Re5 Rc6 23. Qa4 e6 24. Nd5 Nxc2 25. Ne7 Rc5 26. Qxd7 Rxd7 27.
Rxc5 bxc5 28. Nc6 c4 29. d4 Rd6 30. Rd2 Rxc6 31. Rxc2 Kf6 32. Kf2 Ra6 33. a3
Rb6 34. a4 a6 35. Rxc4 Rxb2+ 36. Kf3 Rb3+ 37. Kf2 Ra3 38. h4 h6 39. g3 a5 40.
Kg2 Ra2+ 41. Kf3 Ra3+ 42. Kf2 g5 43. h5 Ra2+ 44. Kg1 gxf4 45. gxf4 c6 46. Rxc6
Rxa4 47. d5 Rxf4 48. Rxe6+ Kg5 49. Ra6 a4 50. d6 Kxh5 51. d7 Rd4 52. Rxa4 Rxd7
53. Kg2 Kg5 54. Ra3 Rd4 55. Rb3 Ra4 56. Rc3 h5 57. Rb3 Rg4+ 58. Kf2 h4 59. Ra3
Rb4 60. Kg2 Kg4 61. Rc3 Rb2+ 62. Kg1 Re2 63. Kf1 Rh2 64. Kg1 Rh3 65. Rc8 Re3
66. Rg8+ Kf3 67. Rh8 f4 68. Kh2 Ke2 69. Ra8 Rd3 70. Re8+ Kf2 71. Ra8 f3 72.
Ra2+ Kf1 73. Ra1+ Ke2 74. Ra2+ Rd2 75. Ra8 Ke1+ 76. Kh1 f2 77. Re8+ Re2 78. Rf8
Re3 79. Kg2 Rg3+ 80. Kh2 f1=Q 0-1

[Event "4NCL/Div3/NWE2 vs. SWD2"]
[Site "Wokefield Park ENG"]
[Date "2007.05.07"]
[Round "11.5"]
[White "Spence, David"]
[Black "Morris, Gareth L"]
[Result "1-0"]
[WhiteElo "2174"]
[BlackElo "2132"]
[PlyCount "81"]
[EventDate "2007.05.07"]
[EventType "team"]
[EventRounds "11"]
[EventCountry "ENG"]
[WhiteTeam "N W Eagles 2"]
[BlackTeam "S W Dragons 2"]

1. e4 c5 2. c3 d5 3. exd5 Qxd5 4. d4 Nc6 5. Nf3 e5 6. dxe5 Qxd1+ 7. Kxd1 Bg4 8.
Bf4 Nge7 9. Bb5 O-O-O+ 10. Kc2 Bf5+ 11. Kc1 h6 12. h4 Nd5 13. Bg3 Be7 14. Bxc6
bxc6 15. Nbd2 g5 16. Nc4 Nf4 17. Bxf4 gxf4 18. b3 Rhg8 19. Rg1 f6 20. Kb2 fxe5
21. Ncxe5 Rd6 22. Rae1 Rg7 23. g4 fxg3 24. Rxg3 Bf6 25. Rxg7 Bxg7 26. Nc4 Rd3
27. Nfe5 Rd5 28. Nxc6 Bf6 29. Ne7+ Bxe7 30. Rxe7 Bd7 31. Re5 Bc6 32. Rxd5 Bxd5
33. Ne3 Be6 34. f4 Kd7 35. Kc2 Ke7 36. Kd3 Kf6 37. Ke4 h5 38. c4 Bg8 39. Nd5+
Kf7 40. Ke5 Bh7 41. f5 1-0

[Event "4NCL/Div3/NWE2 vs. SWD2"]
[Site "Wokefield Park ENG"]
[Date "2007.05.07"]
[Round "11.6"]
[White "Bennion, David A"]
[Black "Connor, Stephen J"]
[Result "0-1"]
[WhiteElo "2106"]
[BlackElo "2130"]
[PlyCount "50"]
[EventDate "2007.05.07"]
[EventType "team"]
[EventRounds "11"]
[EventCountry "ENG"]
[WhiteTeam "S W Dragons 2"]
[BlackTeam "N W Eagles 2"]

1. d4 Nf6 2. c4 g6 3. Nc3 Bg7 4. e4 d6 5. Nf3 O-O 6. h3 e5 7. Be3 exd4 8. Nxd4
Re8 9. Bd3 Nc6 10. Nxc6 bxc6 11. O-O c5 12. Qd2 Bb7 13. Bg5 Qd7 14. Rae1 Bc6
15. Nd5 Bxd5 16. cxd5 a5 17. Kh1 a4 18. a3 Rab8 19. Qc2 Rb3 20. Bc4 Rxh3+ 21.
gxh3 Qxh3+ 22. Kg1 Qg4+ 23. Kh1 Qh5+ 24. Kg2 Qxg5+ 25. Kh1 Qh4+ 0-1

[Event "4NCL/Div3/NWE2 vs. SWD2"]
[Site "Wokefield Park ENG"]
[Date "2007.05.07"]
[Round "11.7"]
[White "Duckers, Harvey L"]
[Black "van Kemenade, Rudy"]
[Result "0-1"]
[WhiteElo "2115"]
[BlackElo "2026"]
[PlyCount "82"]
[EventDate "2007.05.07"]
[EventType "team"]
[EventRounds "11"]
[EventCountry "ENG"]
[WhiteTeam "N W Eagles 2"]
[BlackTeam "S W Dragons 2"]

1. c4 Nf6 2. Nc3 g6 3. e4 d6 4. d4 Bg7 5. f3 Nc6 6. Be3 e5 7. d5 Nd4 8. Nge2 c5
9. dxc6 bxc6 10. Nxd4 exd4 11. Bxd4 Rb8 12. Qd2 Qa5 13. Be2 Nxe4 14. fxe4 Rxb2
15. Qxb2 Bxd4 16. Rc1 O-O 17. Qd2 Qe5 18. g3 f5 19. Rf1 Re8 20. Nd1 Qxe4 21.
Nf2 Qe5 22. Nd1 Qe4 23. Rc2 c5 24. Nc3 Qg2 25. Nd5 Qxh2 26. Qg5 Kg7 27. Kd1 Bd7
28. Rd2 Ba4+ 29. Ke1 h6 30. Qh4 Qg2 31. Nf4 Qe4 32. Rxd4 cxd4 33. Rh1 h5 34.
Nxh5+ gxh5 35. Qg5+ Kf7 36. Qxh5+ Ke7 37. Rh4 Qe5 38. Qg5+ Kd7 39. Rh7+ Kc6 40.
Qd2 Qxg3+ 41. Kf1 Re4 0-1

[Event "4NCL/Div3/NWE2 vs. SWD2"]
[Site "Wokefield Park ENG"]
[Date "2007.05.07"]
[Round "11.8"]
[White "Wilson, Julie"]
[Black "Morrison, Lynne"]
[Result "1-0"]
[WhiteElo "1925"]
[BlackElo "1966"]
[PlyCount "63"]
[EventDate "2007.05.07"]
[EventType "team"]
[EventRounds "11"]
[EventCountry "ENG"]
[WhiteTeam "S W Dragons 2"]
[BlackTeam "N W Eagles 2"]

1. d4 d5 2. c4 dxc4 3. Nf3 Nf6 4. Nc3 a6 5. a4 b6 6. e3 e6 7. Bxc4 Bb7 8. O-O
Nbd7 9. Re1 c5 10. d5 exd5 11. Nxd5 Nxd5 12. Bxd5 Bxd5 13. Qxd5 Be7 14. Rd1 Qc8
15. e4 Nf6 16. Qc4 O-O 17. Bg5 h6 18. Bh4 g5 19. Bg3 Rd8 20. Ne5 Rf8 21. Ng6
Re8 22. Nxe7+ Rxe7 23. f3 Qe6 24. Qc3 Rd7 25. Rxd7 Nxd7 26. Rd1 Ra7 27. Rd6 Qa2
28. Rxh6 Kf8 29. Bd6+ Ke8 30. Qh8+ Nf8 31. Qxf8+ Kd7 32. Qe7+ 1-0

[Event "4NCL/Div3/FCA1 vs. PAP"]
[Site "Wokefield Park ENG"]
[Date "2007.05.07"]
[Round "11.1"]
[White "Hetey, Laszlo"]
[Black "Summerscale, Aaron"]
[Result "1/2-1/2"]
[WhiteElo "2344"]
[BlackElo "2489"]
[PlyCount "74"]
[EventDate "2007.05.07"]
[EventType "team"]
[EventRounds "11"]
[EventCountry "ENG"]
[WhiteTeam "FCA Solutions 1"]
[BlackTeam "Pride+Prejudice"]

1. d4 d6 2. Nf3 Bg4 3. e4 Nf6 4. Nc3 e6 5. h3 Bh5 6. g4 Bg6 7. Qe2 a6 8. Bg2
Be7 9. e5 Nd5 10. exd6 Qxd6 11. Ne5 Nc6 12. Nxg6 Nxc3 13. bxc3 hxg6 14. Rb1 Rb8
15. Qf3 O-O 16. h4 e5 17. h5 g5 18. d5 Na5 19. Qf5 Qf6 20. Qxf6 Bxf6 21. Ba3
Rfd8 22. Bb4 Nc4 23. Bf1 b5 24. Rd1 Nb6 25. Bg2 Rd7 26. d6 cxd6 27. Rxd6 Rxd6
28. Bxd6 Rc8 29. Bb4 Rc4 30. Bb7 Rxg4 31. Bxa6 Nd5 32. f3 Rg2 33. Bxb5 g4 34.
fxg4 e4 35. Bc6 Bxc3+ 36. Bxc3 Nxc3 37. Rh3 Rxc2 1/2-1/2

[Event "4NCL/Div3/FCA1 vs. PAP"]
[Site "Wokefield Park ENG"]
[Date "2007.05.07"]
[Round "11.2"]
[White "Ward, Chris G"]
[Black "Tippleston, Charles"]
[Result "1-0"]
[WhiteElo "2447"]
[BlackElo "2191"]
[PlyCount "65"]
[EventDate "2007.05.07"]
[EventType "team"]
[EventRounds "11"]
[EventCountry "ENG"]
[WhiteTeam "Pride+Prejudice"]
[BlackTeam "FCA Solutions 1"]

1. d4 d5 2. c4 c6 3. Nf3 Nf6 4. Nc3 a6 5. a4 e6 6. Bg5 Nbd7 7. a5 dxc4 8. e3 h6
9. Bxf6 Nxf6 10. Qa4 Bd7 11. Qxc4 Rc8 12. Ne5 c5 13. d5 exd5 14. Nxd5 Nxd5 15.
Qxd5 Qe7 16. Qxd7+ Qxd7 17. Nxd7 Kxd7 18. Bc4 Ke7 19. O-O-O g6 20. Rd3 Bg7 21.
Rhd1 Rc7 22. Kc2 f5 23. Rd6 Rb8 24. Rxg6 Kf8 25. Rd5 Kf7 26. Rb6 Ke8 27. Rxf5
Bf8 28. Bxa6 Ra8 29. Bb5+ Ke7 30. Rbf6 Rxa5 31. Rf7+ Kd6 32. R5f6+ Ke5 33. f4+
1-0

[Event "4NCL/Div3/FCA1 vs. PAP"]
[Site "Wokefield Park ENG"]
[Date "2007.05.07"]
[Round "11.3"]
[White "Smith, Graham"]
[Black "Lang, Heather"]
[Result "0-1"]
[WhiteElo "2135"]
[BlackElo "2061"]
[PlyCount "88"]
[EventDate "2007.05.07"]
[EventType "team"]
[EventRounds "11"]
[EventCountry "ENG"]
[WhiteTeam "FCA Solutions 1"]
[BlackTeam "Pride+Prejudice"]

1. e4 e5 2. Nf3 Nc6 3. Bb5 a6 4. Bxc6 dxc6 5. Nc3 Qf6 6. d4 exd4 7. Qxd4 Qxd4
8. Nxd4 Bd7 9. Be3 O-O-O 10. f3 Ne7 11. Kf2 Ng6 12. h3 Ne5 13. b3 c5 14. Nde2
Nc6 15. a3 b6 16. Rad1 Re8 17. g4 a5 18. Rd2 c4 19. bxc4 Ne5 20. Rhd1 Be6 21.
Nd5 Nxc4 22. Rd4 Nxe3 23. Nxe3 Bxa3 24. Kg3 Bc5 25. R4d3 Rd8 26. Nd5 c6 27.
Ndf4 Bc4 28. Rxd8+ Rxd8 29. Nd3 Be7 30. f4 f6 31. Kf3 a4 32. Ke3 Kc7 33. Ra1 b5
34. Ng3 Bxd3 35. cxd3 Bc5+ 36. Kd2 g6 37. Ne2 Bb4+ 38. Kc2 Kb6 39. f5 gxf5 40.
exf5 Rd5 41. Ng3 Rc5+ 42. Kd1 Rc3 43. Ke2 Rc2+ 44. Kf3 Bc3 0-1

[Event "4NCL/Div3/FCA1 vs. PAP"]
[Site "Wokefield Park ENG"]
[Date "2007.05.07"]
[Round "11.4"]
[White "Winkelmann, Elena"]
[Black "Reuben, Stewart"]
[Result "1-0"]
[WhiteElo "2114"]
[BlackElo "2146"]
[PlyCount "83"]
[EventDate "2007.05.07"]
[EventType "team"]
[EventRounds "11"]
[EventCountry "ENG"]
[WhiteTeam "Pride+Prejudice"]
[BlackTeam "FCA Solutions 1"]

1. d4 Nf6 2. c4 e6 3. Nf3 c5 4. d5 b5 5. Bg5 d6 6. Nc3 b4 7. Ne4 Be7 8. Bxf6
gxf6 9. Ng3 f5 10. e4 fxe4 11. Nxe4 f5 12. Ng3 e5 13. h4 e4 14. Ng5 O-O 15. Qh5
Bxg5 16. hxg5 Qe7 17. g6 Rf6 18. gxh7+ Kh8 19. Qg5 Qf8 20. Nh5 Rf7 21. Nf4 Rg7
22. Ng6+ Rxg6 23. Qxg6 Nd7 24. Qg8+ Qxg8 25. hxg8=Q+ Kxg8 26. Rh6 Ne5 27. Rxd6
Bd7 28. Be2 Kf7 29. Rh6 Rg8 30. Rh2 f4 31. O-O-O Bf5 32. f3 Kf6 33. Rh6+ Bg6
34. fxe4 Kg5 35. Rdh1 Nf7 36. R6h4 Ne5 37. Bf3 Nd3+ 38. Kd2 Nf2 39. Rh5+ Bxh5
40. Rxh5+ Kg6 41. Rf5 Re8 42. Bh5+ 1-0

[Event "4NCL/Div3/FCA1 vs. PAP"]
[Site "Wokefield Park ENG"]
[Date "2007.05.07"]
[Round "11.5"]
[White "Goldsworthy, Patrick"]
[Black "Yurenok, Maria S"]
[Result "1-0"]
[WhiteElo "2066"]
[BlackElo "2030"]
[PlyCount "83"]
[EventDate "2007.05.07"]
[EventType "team"]
[EventRounds "11"]
[EventCountry "ENG"]
[WhiteTeam "FCA Solutions 1"]
[BlackTeam "Pride+Prejudice"]

1. Nf3 Nf6 2. c4 g6 3. b3 Bg7 4. Bb2 O-O 5. g3 d6 6. Bg2 c6 7. d4 Bg4 8. h3
Bxf3 9. Bxf3 d5 10. Nd2 Nbd7 11. O-O Re8 12. Bg2 e5 13. dxe5 Nxe5 14. Qc2 Rc8
15. Rad1 Qe7 16. Rfe1 Qc5 17. Qc1 dxc4 18. bxc4 Rcd8 19. Ba3 Qb6 20. Nb3 Qc7
21. Bb4 b6 22. f4 Ned7 23. Bd6 Qc8 24. e4 Nf8 25. e5 N6d7 26. Qa3 Ne6 27. Qxa7
Bf8 28. Qa3 Ndc5 29. Bxf8 Rxf8 30. Nxc5 Nxc5 31. Qf3 Qa6 32. Qxc6 Qxa2 33. Bd5
Rb8 34. Qf6 Qb3 35. Qg5 Qc3 36. f5 Qc2 37. Rf1 Qc3 38. fxg6 hxg6 39. Qxg6+ Kh8
40. Qh5+ Kg8 41. Qg5+ Kh8 42. Rf4 1-0

[Event "4NCL/Div3/FCA1 vs. PAP"]
[Site "Wokefield Park ENG"]
[Date "2007.05.07"]
[Round "11.6"]
[White "Summerscale, Claire E"]
[Black "Freeman, Richard C P"]
[Result "0-1"]
[WhiteElo "2017"]
[BlackElo "2091"]
[PlyCount "46"]
[EventDate "2007.05.07"]
[EventType "team"]
[EventRounds "11"]
[EventCountry "ENG"]
[WhiteTeam "Pride+Prejudice"]
[BlackTeam "FCA Solutions 1"]

1. d4 g6 2. e4 Bg7 3. Nc3 d6 4. h3 a6 5. Nf3 b5 6. a3 Bb7 7. Bf4 Nd7 8. Bd3 c5
9. dxc5 Nxc5 10. Qd2 Nf6 11. Qe2 O-O 12. O-O Rc8 13. Rad1 Nfd7 14. Bd2 Nb6 15.
Rfe1 Ne6 16. Qe3 Rc5 17. Be2 Qc7 18. Qd3 Nc4 19. b4 Nb2 20. Qe3 Rxc3 21. Bxc3
Nxd1 22. Rxd1 Qxc3 23. Qxc3 Bxc3 0-1

[Event "4NCL/Div3/FCA1 vs. PAP"]
[Site "Wokefield Park ENG"]
[Date "2007.05.07"]
[Round "11.7"]
[White "Elwin, Adrian G"]
[Black "Forbes, Cathy"]
[Result "0-1"]
[WhiteElo "2041"]
[BlackElo "2093"]
[PlyCount "58"]
[EventDate "2007.05.07"]
[EventType "team"]
[EventRounds "11"]
[EventCountry "ENG"]
[WhiteTeam "FCA Solutions 1"]
[BlackTeam "Pride+Prejudice"]

1. Nf3 d5 2. c4 c6 3. d4 Bf5 4. Nc3 e6 5. Qb3 Qb6 6. Bf4 dxc4 7. Qxb6 axb6 8.
e4 Bg6 9. Bxc4 b5 10. Bd3 b4 11. Ne2 Nf6 12. Nd2 Nbd7 13. f3 Be7 14. O-O Nh5
15. Be3 e5 16. Nb3 Nhf6 17. Rfd1 O-O 18. h3 h6 19. Ng3 exd4 20. Nxd4 Bc5 21.
Kf2 Ne5 22. Be2 Rfd8 23. Ndf5 Bxe3+ 24. Nxe3 Rxd1 25. Nxd1 Ned7 26. Ne3 Nc5 27.
Rc1 Nfd7 28. Bc4 b5 29. Bb3 Nd3+ 0-1

[Event "4NCL/Div3/FCA1 vs. PAP"]
[Site "Wokefield Park ENG"]
[Date "2007.05.07"]
[Round "11.8"]
[White "Kieran, Rosalind A"]
[Black "Stenning, Marissa"]
[Result "1-0"]
[WhiteElo "2048"]
[BlackElo "1815"]
[PlyCount "73"]
[EventDate "2007.05.07"]
[EventType "team"]
[EventRounds "11"]
[EventCountry "ENG"]
[WhiteTeam "Pride+Prejudice"]
[BlackTeam "FCA Solutions 1"]

1. e4 d5 2. exd5 Qxd5 3. Nc3 Qa5 4. d4 Nf6 5. Nf3 Bf5 6. Bd2 c6 7. Bc4 e6 8.
Nd5 Qd8 9. Nxf6+ Qxf6 10. c3 Qd8 11. Qe2 Bd6 12. O-O-O Nd7 13. Bg5 Qc7 14. g3
h6 15. Be3 Nb6 16. Bb3 O-O-O 17. Nh4 Bh7 18. f4 Rhg8 19. Rhf1 Nd5 20. Bd2 Ne7
21. Nf3 Rge8 22. Ne5 Ng6 23. Bc2 Bxe5 24. dxe5 Rh8 25. Be3 b6 26. Qc4 Ne7 27.
Rxd8+ Qxd8 28. Rd1 Qc7 29. Bb3 Rd8 30. Qa6+ Kb8 31. Qe2 Rxd1+ 32. Qxd1 Be4 33.
g4 Bd5 34. c4 Be4 35. Ba4 a6 36. Qd6 b5 37. Bb6 1-0

[Event "4NCL/Div3/MIN vs. BRJ"]
[Site "Wokefield Park ENG"]
[Date "2007.05.07"]
[Round "11.1"]
[White "Jedynak, Radoslaw"]
[Black "Richmond, Peter A"]
[Result "1-0"]
[WhiteElo "2538"]
[BlackElo "2250"]
[PlyCount "65"]
[EventDate "2007.05.07"]
[EventType "team"]
[EventRounds "11"]
[EventCountry "ENG"]
[WhiteTeam "Mind Sports"]
[BlackTeam "Brown Jack"]

1. d4 d5 2. c4 e5 3. Nf3 exd4 4. Qxd4 Nc6 5. Qxd5 Qxd5 6. cxd5 Nb4 7. Na3 Nxd5
8. Nc2 Ngf6 9. a3 c5 10. g3 Bf5 11. Ne3 Nxe3 12. Bxe3 Rc8 13. Bg2 Be7 14. Ne5
Be4 15. Bxe4 Nxe4 16. O-O-O f6 17. Nc4 b5 18. f3 Nxg3 19. hxg3 bxc4 20. Rh4 c3
21. bxc3 c4 22. Kc2 f5 23. Rhd4 Rc7 24. Bf4 Rc6 25. Rd7 Re6 26. Rxa7 Rxe2+ 27.
Rd2 Rxd2+ 28. Kxd2 h6 29. Ra8+ Bd8 30. Bc7 Kd7 31. Rxd8+ Rxd8 32. Bxd8 Kxd8 33.
Ke3 1-0

[Event "4NCL/Div3/MIN vs. BRJ"]
[Site "Wokefield Park ENG"]
[Date "2007.05.07"]
[Round "11.2"]
[White "Headlong, Timothy"]
[Black "Rizouk, Ryad"]
[Result "0-1"]
[WhiteElo "2214"]
[BlackElo "2363"]
[PlyCount "84"]
[EventDate "2007.05.07"]
[EventType "team"]
[EventRounds "11"]
[EventCountry "ENG"]
[WhiteTeam "Brown Jack"]
[BlackTeam "Mind Sports"]

1. Nf3 Nf6 2. c4 c5 3. Nc3 e6 4. g3 b6 5. Bg2 Bb7 6. O-O Be7 7. d4 cxd4 8. Qxd4
Nc6 9. Qf4 Rc8 10. e4 O-O 11. e5 Ne8 12. Rd1 f6 13. Qd2 Nb8 14. exf6 Nxf6 15.
Qe2 Bb4 16. Nb5 a6 17. Nbd4 Qc7 18. Bf4 Bxf3 19. Bxf3 Qxc4 20. Qxc4 Rxc4 21.
Be2 Rcc8 22. Bxb8 Rxb8 23. Bxa6 Ng4 24. f4 Bc5 25. b4 Bxb4 26. Nb3 d5 27. Rac1
Ra8 28. Be2 Nf6 29. Rc2 Ne4 30. Bf3 Nc3 31. Rd4 Rxa2 32. Rxa2 Nxa2 33. Kg2 g6
34. Rd1 Rc8 35. Nd4 Nc3 36. Rc1 Kf7 37. Nxe6 Ra8 38. Nc7 Ra2+ 39. Kh3 d4 40.
Rxc3 dxc3 41. Bd5+ Kg7 42. Bxa2 c2 0-1

[Event "4NCL/Div3/MIN vs. BRJ"]
[Site "Wokefield Park ENG"]
[Date "2007.05.07"]
[Round "11.3"]
[White "Edwards, Ray B"]
[Black "Rabbitt, Michael"]
[Result "1-0"]
[WhiteElo "2132"]
[BlackElo "2165"]
[PlyCount "101"]
[EventDate "2007.05.07"]
[EventType "team"]
[EventRounds "11"]
[EventCountry "ENG"]
[WhiteTeam "Mind Sports"]
[BlackTeam "Brown Jack"]

1. d4 f5 2. g3 e6 3. Bg2 Nf6 4. c4 Be7 5. Nf3 O-O 6. O-O d6 7. b4 Qe8 8. Nbd2
Nbd7 9. Bb2 e5 10. dxe5 dxe5 11. c5 a5 12. a3 Qh5 13. Qb3+ Kh8 14. Nc4 a4 15.
Qc2 e4 16. Nd4 Nd5 17. Ne6 Rg8 18. e3 Ra6 19. Nf4 Nxf4 20. exf4 Rh6 21. h3 Nf6
22. Ne3 Be6 23. Qxa4 Nd5 24. Nxd5 Bxd5 25. Qd7 Qf7 26. Qxc7 Rc6 27. Qxb7 Rxc5
28. Qa7 Rc2 29. Be5 Ra8 30. Qd4 Rd8 31. Rfd1 h6 32. Qe3 Qh5 33. Rd2 Rxd2 34.
Qxd2 Bc6 35. Qc3 Qg6 36. Rc1 Bb5 37. Qc7 Rd7 38. Qb8+ Bd8 39. Qxb5 Rd3 40. Qb8
Kh7 41. Rc3 Rd1+ 42. Kh2 Bb6 43. Rc8 Qe6 44. Rh8+ Kg6 45. Rg8 Bxf2 46. Rxg7+
Kh5 47. Qb5 Bg1+ 48. Kh1 Bf2+ 49. Bf1 Re1 50. Qe2+ Rxe2 51. Bxe2# 1-0

[Event "4NCL/Div3/MIN vs. BRJ"]
[Site "Wokefield Park ENG"]
[Date "2007.05.07"]
[Round "11.4"]
[White "Haydon, Richard"]
[Black "Ackley, Peter"]
[Result "1/2-1/2"]
[WhiteElo "2208"]
[BlackElo "2117"]
[PlyCount "61"]
[EventDate "2007.05.07"]
[EventType "team"]
[EventRounds "11"]
[EventCountry "ENG"]
[WhiteTeam "Brown Jack"]
[BlackTeam "Mind Sports"]

1. g3 f5 2. Bg2 Nf6 3. c4 g6 4. Nc3 Bg7 5. d3 O-O 6. e3 d6 7. Nge2 e5 8. O-O a5
9. Rb1 Na6 10. a3 Nc5 11. b4 axb4 12. axb4 Ne6 13. f4 exf4 14. gxf4 g5 15. fxg5
Nxg5 16. Nd5 Ng4 17. b5 Bd7 18. Ng3 c6 19. bxc6 bxc6 20. Nb4 Qb6 21. d4 Rae8
22. Rb3 Nxe3 23. Bxe3 Rxe3 24. c5 dxc5 25. Rxe3 Qxb4 26. Re7 Qxd4+ 27. Qxd4
Bxd4+ 28. Kh1 Rf7 29. Rxf7 Kxf7 30. Nxf5 Bf6 31. Nd6+ 1/2-1/2

[Event "4NCL/Div3/MIN vs. BRJ"]
[Site "Wokefield Park ENG"]
[Date "2007.05.07"]
[Round "11.5"]
[White "Almond, Richard"]
[Black "Cabero, Pablo Padilla"]
[Result "1/2-1/2"]
[WhiteElo "2088"]
[BlackElo "2085"]
[PlyCount "148"]
[EventDate "2007.05.07"]
[EventType "team"]
[EventRounds "11"]
[EventCountry "ENG"]
[WhiteTeam "Mind Sports"]
[BlackTeam "Brown Jack"]

1. d4 f5 2. g3 Nf6 3. Bg2 e6 4. Nf3 Be7 5. O-O O-O 6. c4 d6 7. Nc3 Ne4 8. Qc2
Nxc3 9. bxc3 Nc6 10. e4 Na5 11. Nd2 e5 12. exf5 Bxf5 13. Be4 Qd7 14. Qd3 Rad8
15. Nb3 Nc6 16. Be3 exd4 17. Bxf5 Rxf5 18. cxd4 d5 19. c5 Rh5 20. f3 Bf6 21.
Rae1 Qh3 22. Re2 Rf8 23. Bf4 Bd8 24. Be5 Rhf5 25. f4 a6 26. Qf3 Nxe5 27. dxe5
c6 28. Nd4 R5f7 29. e6 Rc7 30. g4 Qxf3 31. Rxf3 Be7 32. Rc2 g6 33. Kf2 Kg7 34.
Ke3 Rcc8 35. Kd3 Rc7 36. f5 Re8 37. Ne2 Rcc8 38. Nf4 Rc7 39. Ng2 Rf8 40. Ne3
Rcc8 41. Rf1 Rb8 42. Rh1 Bg5 43. Rb2 b5 44. cxb6 Bxe3 45. Kxe3 gxf5 46. gxf5
Rxf5 47. Kd4 Kf6 48. Re1 Ke7 49. Kc5 Rf3 50. Kxc6 Rc3+ 51. Kxd5 Rd8+ 52. Ke5
Rc5+ 53. Kf4 Rc6 54. Re4 Rb8 55. b7 Rc7 56. Rb6 Rbxb7 57. Rxa6 Rb2 58. h4 Rbc2
59. Ra8 Rf2+ 60. Ke3 Rh2 61. Rh8 Kd6 62. a4 Rb7 63. Rd8+ Ke7 64. Rd3 Rh3+ 65.
Kd2 Rh2+ 66. Kc3 Ra2 67. Rd7+ Rxd7 68. exd7+ Kxd7 69. Rc4 Kd6 70. Kb4 Rb2+ 71.
Ka5 h5 72. Ka6 Kd5 73. Rf4 Ke5 74. Rc4 Kd5 1/2-1/2

[Event "4NCL/Div3/MIN vs. BRJ"]
[Site "Wokefield Park ENG"]
[Date "2007.05.07"]
[Round "11.6"]
[White "Hall, Daniel J"]
[Black "Parker, Robert"]
[Result "1-0"]
[WhiteElo "2088"]
[BlackElo "2097"]
[PlyCount "47"]
[EventDate "2007.05.07"]
[EventType "team"]
[EventRounds "11"]
[EventCountry "ENG"]
[WhiteTeam "Brown Jack"]
[BlackTeam "Mind Sports"]

1. e4 e6 2. d4 d5 3. Nc3 Bb4 4. e5 c5 5. Bd2 Nc6 6. Nb5 Bxd2+ 7. Qxd2 cxd4 8.
f4 Nge7 9. Nf3 O-O 10. Nbxd4 Nxd4 11. Nxd4 Bd7 12. Bd3 Qb6 13. c3 Nc6 14. Nf3
f6 15. exf6 gxf6 16. O-O-O Rac8 17. Kb1 Qa5 18. g4 Kh8 19. g5 e5 20. gxf6 Bg4
21. Ng5 h6 22. Rdg1 Rxf6 23. Nh7 Rxf4 24. Rxg4 1-0

[Event "4NCL/Div3/MIN vs. BRJ"]
[Site "Wokefield Park ENG"]
[Date "2007.05.07"]
[Round "11.7"]
[White "Hardman, Michael J"]
[Black "Tomboline, David"]
[Result "1/2-1/2"]
[WhiteElo "2131"]
[BlackElo "1975"]
[PlyCount "40"]
[EventDate "2007.05.07"]
[EventType "team"]
[EventRounds "11"]
[EventCountry "ENG"]
[WhiteTeam "Mind Sports"]
[BlackTeam "Brown Jack"]

1. e4 e6 2. d4 d5 3. e5 b6 4. c3 Qd7 5. Nf3 Ba6 6. Bxa6 Nxa6 7. Qd3 Nb8 8. O-O
c5 9. dxc5 Bxc5 10. Be3 Bxe3 11. Qxe3 Ne7 12. Nbd2 Nbc6 13. Nb3 Nf5 14. Qe2 O-O
15. Rad1 Qc7 16. Rfe1 Rac8 17. Nbd4 Ncxd4 18. Nxd4 Nxd4 19. Rxd4 f6 20. f4 f5
1/2-1/2